[Event "Volodarskij Spring-A"]
[Site "Volodarskij"]
[Date "2007.07.03"]
[Round "9"]
[White "Nikolenko, Sergei"]
[Black "Arakeljan, Alexandr"]
[Result "0-1"]
[WhiteElo "2349"]
[BlackElo "2338"]
[PlyCount "62"]
[EventDate "2007.06.27"]
[EventType "tourn"]
[EventRounds "15"]
[EventCountry "RUS"]
[EventCategory "3"]
[SourceTitle "CBM 119 Extra"]
[Source "ChessBase"]
[SourceDate "2007.09.04"]
[SourceVersion "1"]
[SourceVersionDate "2007.09.04"]
[SourceQuality "1"]

1. d4 d5 2. Nf3 Nf6 3. c4 c6 4. Nc3 e6 5. e3 Ne4 6. Bd3 f5 7. Ne5 Qh4 8. 0-0 Bd6 9. f4 0-0 10. g4 Nd7 11. gxf5 Ndf6 12. Bd2 exf5 13. cxd5 cxd5 14. Be1 Qh6 15. Rc1 a6 16. Rc2 Be6 17. Rg2 Rad8 18. Kh1 Kh8 19. Rfg1 Bxe5 20. dxe5 Ng4 21. Qf3 Nc5 22. Be2 d4 23. exd4 Rxd4 24. Rf1 Bd7 25. Bf2 Bc6 26. Bxd4 Bxf3 27. Rxf3 Ne6 28. Bg1 Nxf4 29. Rgg3 Nxe2 30. Nxe2 Nxe5 31. Rb3 f4 0-1

[Event "Volodarskij Spring-A"]
[Site "Volodarskij"]
[Date "2007.07.01"]
[Round "7"]
[White "Nikolenko, Sergei"]
[Black "Tomilin, Artjom"]
[Result "0-1"]
[WhiteElo "2349"]
[BlackElo "2365"]
[PlyCount "58"]
[EventDate "2007.06.27"]
[EventType "tourn"]
[EventRounds "15"]
[EventCountry "RUS"]
[EventCategory "3"]
[SourceTitle "CBM 119 Extra"]
[Source "ChessBase"]
[SourceDate "2007.09.04"]
[SourceVersion "1"]
[SourceVersionDate "2007.09.04"]
[SourceQuality "1"]

1. d4 d5 2. Nf3 e6 3. e3 c5 4. c3 Nc6 5. Bd3 Nf6 6. Nbd2 Bd6 7. 0-0 0-0 8. dxc5 Bxc5 9. e4 Bb6 10. Qe2 Re8 11. Rd1 Ng4 12. Rf1 f5 13. exd5 exd5 14. Qd1 Ne3 15. fxe3 Rxe3 16. Kh1 Rxd3 17. Ne1 Re3 18. Ndf3 Re8 19. Nd3 h6 20. Nf4 Be6 21. Qd3 Qd7 22. Nh5 Qf7 23. Ng3 f4 24. Nd4 Nxd4 25. cxd4 g5 26. Ne2 Bf5 27. Qd2 Rac8 28. Nxf4 gxf4 29. Qxf4 Bg6 0-1

[Event "Volodarskij Spring-A"]
[Site "Volodarskij"]
[Date "2007.06.28"]
[Round "2"]
[White "Korjakin, Boris"]
[Black "Nikolenko, Sergei"]
[Result "0-1"]
[WhiteElo "2274"]
[BlackElo "2349"]
[PlyCount "46"]
[EventDate "2007.06.27"]
[EventType "tourn"]
[EventRounds "15"]
[EventCountry "RUS"]
[EventCategory "3"]
[SourceTitle "CBM 119 Extra"]
[Source "ChessBase"]
[SourceDate "2007.09.04"]
[SourceVersion "1"]
[SourceVersionDate "2007.09.04"]
[SourceQuality "1"]

1. d4 Nf6 2. c4 e6 3. Nc3 Bb4 4. Qc2 0-0 5. a3 Bxc3+ 6. Qxc3 b6 7. Bg5 Bb7 8. f3 d5 9. e3 Re8 10. Nh3 h6 11. Bh4 c5 12. cxd5 exd5 13. dxc5 d4 14. Qc2 Rxe3+ 15. Kf2 Ng4+ 16. fxg4 Qxh4+ 17. Kg1 Nc6 18. cxb6 Rae8 19. Nf2 axb6 20. Rd1 Ne5 21. Rxd4 Re1 22. Qd2 Nxg4 23. Rxg4 Ba6 0-1

[Event "Volodarskij Spring-A"]
[Site "Volodarskij"]
[Date "2007.06.27"]
[Round "1"]
[White "Nikolenko, Sergei"]
[Black "Sviridonov, Sergei"]
[Result "0-1"]
[WhiteElo "2349"]
[BlackElo "2358"]
[PlyCount "64"]
[EventDate "2007.06.27"]
[EventType "tourn"]
[EventRounds "15"]
[EventCountry "RUS"]
[EventCategory "3"]
[SourceTitle "CBM 119 Extra"]
[Source "ChessBase"]
[SourceDate "2007.09.04"]
[SourceVersion "1"]
[SourceVersionDate "2007.09.04"]
[SourceQuality "1"]

1. d4 Nf6 2. c4 e6 3. Nc3 d5 4. Nf3 Be7 5. Bg5 h6 6. Bh4 0-0 7. e3 Ne4 8. Bg3 Bb4 9. Qc2 c5 10. dxc5 Nc6 11. Bd3 Nxc5 12. cxd5 Qxd5 13. Rd1 Nxd3+ 14. Rxd3 Qxa2 15. 0-0 Qa5 16. Rfd1 e5 17. Rd5 Qa6 18. Nxe5 Be6 19. Nxc6 bxc6 20. R5d4 c5 21. Rd6 Qc4 22. h4 a5 23. Be5 a4 24. Qd2 Qxh4 25. Rxe6 fxe6 26. Qd7 Qg5 27. Qxe6+ Kh7 28. Rd7 Rg8 29. Ne4 Qg6 30. Nf6+ Kh8 31. Qe7 c4 32. Qxb4 gxf6 0-1